Normal view
MARC view
Entry Término temático
001 - NÚMERO DE CONTROL
- campo de control: 143269
003 - IDENTIFICADOR DEL NÚMERO DE CONTROL
- campo de control: OSt
005 - FECHA Y HORA DE LA ÚLTIMA TRANSACCIÓN
- campo de control: 20220127160052.0
008 - DATOS DE LONGITUD FIJA
- campo de control de longitud fija: 220127|| aca||aabn | a|a d
040 ## - FUENTE DE LA CATALOGACIÓN
- Centro catalogador/agencia de origen: OSt
- Centro/agencia transcriptor: OSt
150 ## - ENCABEZAMIENTO--TÉRMINO DE MATERIA
- Término de materia o nombre geográfico como elemento de entrada: Extracto de semilla de uva
670 ## - FUENTE DE DATOS ENCONTRADOS
- Cita de la fuente: Work cat.: (OSt)168960: Juárez Juárez, Gabriel 132046, Peroxidación lipídica en plasma, pulmones, corazón e hígado de pollos de engorda alimentados con extracto de semilla de uva y criados a 2278 m de altitud /, 2016
